000 00932cam a22002054a 4500
005 20250605164015.0
008 250528s ||||||||||||||||||||||||d
035 _a16106
020 _a670159654
040 _aGR-AtMCL
_bgre
_dGR-AtMCL
_eAACR2
245 1 _aThe Best Thing on TV / Commercials
260 _bThe Viking Press,
_c1978
300 _a186
505 0 _aAnd Here We Are, Dangerous to Make, Violent to Products, Almost Obscene, Emotional, Coldy Calculated, Carefully Written, Overdirected, Star-Studded, Extravagantly Produced, Regulated and Censored, Rated PC, And Still the Best.
520 _aAnd Here We Are, Dangerous to Make, Violent to Products, Almost Obscene, Emotional, Coldy Calculated, Carefully Written, Overdirected, Star-Studded, Extravagantly Produced, Regulated and Censored, Rated PC, And Still the Best.
700 1 _aPrice Jonathan
_92145
942 _cBK
999 _c1643
_d1643